Normal view
MARC view
- Design of Machine Elements
Entry Topical Term
001 - CONTROL NUMBER
- control field: 91869
003 - CONTROL NUMBER IDENTIFIER
- control field: NUST
005 - DATE AND TIME OF LATEST TRANSACTION
- control field: 20220526121612.0
008 - FIXED-LENGTH DATA ELEMENTS
- fixed length control field: 220526|| aca||aabn | a|a d
040 ## - CATALOGING SOURCE
- Original cataloging agency: NUST
- Transcribing agency: NUST
150 ## - HEADING--TOPICAL TERM
- Topical term or geographic name entry element: Design of Machine Elements
670 ## - SOURCE DATA FOUND
- Source citation: Work cat.: (NUST): Spotts, M.F. 83664, Design of Machine Elements, 2007.
